[Event "Charleville Mezieres op 11th"]
[Site "Charleville Mezieres"]
[Date "2014.??.??"]
[Round "3"]
[White "Melin, Georges"]
[Black "Hurreau, Jean Francois"]
[Result "1-0"]
[WhiteElo "1691"]
[BlackElo "1437"]
[PlyCount "49"]
[EventDate "2014.12.26"]
[EventType "swiss"]
[EventRounds "7"]
[EventCountry "FRA"]
[SourceTitle "CBM 164 Extra"]
[Source "ChessBase"]
[SourceDate "2015.03.02"]
[SourceVersion "1"]
[SourceVersionDate "2015.03.02"]
[SourceQuality "1"]

1. e4 d5 2. exd5 Qxd5 3. Nc3 Qa5 4. d4 Nf6 5. Bd2 c6 6. Ne4 Qc7 7. Nxf6+ exf6 8. c4 Qe7+ 9. Qe2 Qxe2+ 10. Nxe2 Be6 11. Rc1 Na6 12. a3 Be7 13. d5 cxd5 14. cxd5 Bxd5 15. Nf4 Be6 16. Bb5+ Bd7 17. Bxa6 bxa6 18. Nd5 Bd6 19. Nc7+ Bxc7 20. Rxc7 Be6 21. Bb4 Bd7 22. 0-0 Be6 23. Re7+ Kd8 24. Rd1+ Kc8 25. Ba5 1-0

[Event "Charleville Mezieres op 11th"]
[Site "Charleville Mezieres"]
[Date "2014.??.??"]
[Round "1"]
[White "Melin, Georges"]
[Black "Roos, Louis"]
[Result "0-1"]
[WhiteElo "1691"]
[BlackElo "2338"]
[PlyCount "50"]
[EventDate "2014.12.26"]
[EventType "swiss"]
[EventRounds "7"]
[EventCountry "FRA"]
[SourceTitle "CBM 164 Extra"]
[Source "ChessBase"]
[SourceDate "2015.03.02"]
[SourceVersion "1"]
[SourceVersionDate "2015.03.02"]
[SourceQuality "1"]

1. Nf3 c5 2. b3 d6 3. Bb2 e5 4. e4 a6 5. Be2 Nc6 6. 0-0 Be7 7. d3 f5 8. exf5 Nh6 9. f6 Bxf6 10. Nbd2 0-0 11. Ne4 Be7 12. Nfd2 Nd4 13. Bh5 b5 14. c3 Ne6 15. Bf3 Rb8 16. Ng3 Nf4 17. Qc2 Qc7 18. Rac1 Nf5 19. Nxf5 Bxf5 20. Ne4 d5 21. Ng3 Bxd3 22. Bxd5+ Kh8 23. Qd2 Bg5 24. Kh1 c4 25. Be4 Nh3 0-1

[Event "Sautron op 13th"]
[Site "Sautron"]
[Date "2013.10.??"]
[Round "1"]
[White "Coent, Yann"]
[Black "Melin, Georges"]
[Result "1-0"]
[WhiteElo "1835"]
[BlackElo "1712"]
[PlyCount "41"]
[EventDate "2013.10.26"]
[EventType "swiss"]
[EventRounds "9"]
[EventCountry "FRA"]
[SourceTitle "EXT 2016"]
[Source "ChessBase"]
[SourceDate "2015.10.08"]
[SourceVersion "1"]
[SourceVersionDate "2015.10.08"]
[SourceQuality "1"]

1. e4 d5 2. exd5 Nf6 3. d4 Nxd5 4. Nf3 Bg4 5. Bc4 e6 6. c3 Be7 7. 0-0 0-0 8. h3 Bf5 9. Ne5 h6 10. Qh5 Nf6 11. Qe2 Nbd7 12. f4 Ne4 13. Qf3 Bh4 14. Nd2 Ng3 15. Nxd7 Qxd7 16. Re1 c6 17. Re3 Rad8 18. Kh2 Qd6 19. a4 Qc7 20. Qf2 g5 21. Rxg3 1-0

[Event "FRA-chT4 0809"]
[Site "France "]
[Date "2009.02.08"]
[Round "5"]
[White "Talbot, Remy"]
[Black "Melin, Georges"]
[Result "0-1"]
[WhiteElo "1790"]
[BlackElo "1780"]
[PlyCount "64"]
[EventDate "2008.10.??"]
[EventType "team-tourn"]
[EventRounds "9"]
[EventCountry "FRA"]
[SourceTitle "EXT 2010"]
[Source "ChessBase"]
[SourceDate "2010.11.25"]
[SourceVersion "1"]
[SourceVersionDate "2010.11.25"]
[SourceQuality "1"]

1. d4 Nf6 2. c4 c5 3. d5 b5 4. cxb5 a6 5. bxa6 Bxa6 6. g3 d6 7. Bg2 g6 8. Nf3 Bg7 9. 0-0 0-0 10. Nc3 Nbd7 11. Re1 Nb6 12. e4 Qd7 13. Rb1 Rfb8 14. b3 Ng4 15. Bb2 Nc4 16. Ba1 Na3 17. Rc1 Bh6 18. Nd2 Ne5 19. Bf1 Bxf1 20. Nxf1 Bxc1 21. Qxc1 Nf3+ 22. Kg2 Nxe1+ 23. Qxe1 Nc2 24. Qc1 Nxa1 25. Qxa1 Rxb3 26. Qc1 Rba3 27. Nd2 Qb7 28. Ndb1 Qb4 29. Nxa3 Rxa3 30. Nb5 Qxe4+ 31. Kg1 Rxa2 32. Nc3 Rc2 0-1

[Event "FRA-chT4 0304"]
[Site "Champagne Ardenne"]
[Date "2003.12.07"]
[Round "3"]
[White "Melin, Georges"]
[Black "Fournier, Alain"]
[Result "0-1"]
[WhiteElo "1770"]
[BlackElo "1930"]
[PlyCount "86"]
[EventDate "2003.10.??"]
[EventRounds "6"]
[EventCountry "FRA"]
[SourceTitle "EXT 2005"]
[Source "ChessBase"]
[SourceDate "2004.11.15"]
[SourceVersion "1"]
[SourceVersionDate "2004.11.15"]
[SourceQuality "1"]

1. Nf3 d5 2. e3 Nf6 3. b3 Bg4 4. Bb5+ c6 5. Be2 e6 6. Bb2 Nbd7 7. h3 Bxf3 8. gxf3 a5 9. a4 Qc7 10. f4 g6 11. d3 Bg7 12. Nd2 0-0 13. h4 h5 14. Nf3 b5 15. axb5 cxb5 16. Nd4 Rfb8 17. Rg1 e5 18. fxe5 Qxe5 19. Rg5 Qh2 20. Nf3 Qh1+ 21. Rg1 Qh3 22. Kd2 Qe6 23. Nd4 Qd6 24. Nf5 gxf5 25. Rxg7+ Kxg7 26. Bxh5 Rh8 27. Bf3 Qh2 28. Qe2 Qd6 29. h5 Kf8 30. d4 Qc6 31. c3 Rh6 32. Ba3+ Ke8 33. Rc1 Ne4+ 34. Kd3 a4 35. Qf1 Ndf6 36. Qg2 Rh8 37. Bxe4 fxe4+ 38. Ke2 Rg8 39. Qh2 axb3 40. Bc5 Nd7 41. h6 Rh8 42. h7 Qg6 43. Qc7 Ra2+ 0-1